[Event "Madrid 2023-2024ch - Previa B"]
[Site "Madrid ESP"]
[Date "2024.02.03"]
[Round "3.3"]
[White "Condezo Abderrahim, Ibrahim"]
[Black "Mata Medina, Andres"]
[Result "1/2-1/2"]
[WhiteElo "1818"]
[BlackElo "1774"]
[PlyCount "59"]
[EventDate "2024.02.01"]
[EventType "swiss"]
[EventRounds "9"]
[EventCountry "ESP"]
[SourceTitle "Ajedrez en Madrid"]
[Source "lmi"]
[SourceDate "2024.02.01"]
[SourceVersion "1"]
[SourceVersionDate "2024.02.25"]
[SourceQuality "1"]

1. Nf3 Nf6 2. d4 e6 3. c4 d5 4. g3 c6 5. Bg2 Be7 6. O-O O-O 7. Nc3 b6 8. Ne5
Bb7 9. e3 dxc4 10. Re1 Qc7 11. Nxc4 Rd8 12. Qf3 Nbd7 13. Qf4 Qxf4 14. gxf4 Ba6
15. Ne5 Nxe5 16. fxe5 Nd5 17. Bxd5 exd5 18. a3 c5 19. dxc5 bxc5 20. e4 d4 21.
Nd5 Rd7 22. Bf4 Bb7 23. e6 fxe6 24. Nxe7+ Rxe7 25. Bd6 Rd7 26. Bxc5 e5 27. Rad1
Bc6 28. f4 Re8 29. fxe5 Rxe5 30. Bxd4 1/2-1/2

[Event "Madrid 2023-2024ch - Previa B"]
[Site "Madrid ESP"]
[Date "2024.02.03"]
[Round "3.4"]
[White "Lozano Argueso, Cesar"]
[Black "Zhao, Yuyang"]
[Result "0-1"]
[WhiteElo "1808"]
[BlackElo "1703"]
[PlyCount "88"]
[EventDate "2024.02.01"]
[EventType "swiss"]
[EventRounds "9"]
[EventCountry "ESP"]
[SourceTitle "Ajedrez en Madrid"]
[Source "lmi"]
[SourceDate "2024.02.01"]
[SourceVersion "1"]
[SourceVersionDate "2024.02.25"]
[SourceQuality "1"]

1. e4 d6 2. d4 Nf6 3. Nc3 g6 4. Be3 c6 5. h3 Nbd7 6. f4 b5 7. a3 Bb7 8. e5 Nh5
9. Nge2 Ng7 10. g4 dxe5 11. dxe5 c5 12. Rh2 a6 13. Ng3 g5 14. e6 Nxe6 15. f5
Nf4 16. Rd2 Qc7 17. Kf2 Bg7 18. a4 b4 19. Nce4 Bxb2 20. Nxg5 f6 21. Rxd7 Qxd7
22. Qxd7+ Kxd7 23. Rd1+ Ke8 24. N5e4 Be5 25. Nxc5 Bc6 26. Bxf4 Bxf4 27. Nh5 Be5
28. Bc4 Bd6 29. Ng7+ Kd8 30. Bxa6 Kc7 31. Nge6+ Kb6 32. a5+ Kxa5 33. Bc4 Kb6
34. Nd3 Bb5 35. Bd5 Rac8 36. Bb3 h5 37. Ndf4 Bc6 38. Kg3 hxg4 39. hxg4 Be4 40.
Nd4 Rc3+ 41. Kf2 Rh2+ 42. Kg1 Bxf4 43. Re1 Rg2+ 44. Kf1 Re3 0-1

[Event "Madrid 2023-2024ch - Previa B"]
[Site "Madrid ESP"]
[Date "2024.02.03"]
[Round "3.6"]
[White "Bocancea, Cristian Andrei"]
[Black "Cardena Contreras, Javier"]
[Result "0-1"]
[WhiteElo "1549"]
[BlackElo "1882"]
[PlyCount "36"]
[EventDate "2024.02.01"]
[EventType "swiss"]
[EventRounds "9"]
[EventCountry "ESP"]
[SourceTitle "Ajedrez en Madrid"]
[Source "lmi"]
[SourceDate "2024.02.01"]
[SourceVersion "1"]
[SourceVersionDate "2024.02.25"]
[SourceQuality "1"]

1. d4 d5 2. c4 e6 3. Nc3 c5 4. cxd5 exd5 5. Nf3 Nc6 6. a3 Nf6 7. Bg5 Be7 8.
dxc5 Be6 9. e3 Bxc5 10. Nb5 Qa5+ 11. Nc3 Ne4 12. Qa4 Nxg5 13. Nxg5 Qb6 14. Qb5
Bxe3 15. fxe3 Qxe3+ 16. Ne2 Qxg5 17. Qxb7 Rc8 18. Rc1 Bd7 0-1

[Event "Madrid 2023-2024ch - Previa B"]
[Site "Madrid ESP"]
[Date "2024.02.03"]
[Round "3.7"]
[White "Quiroga Andres, Carlos"]
[Black "Marin Lopez, Juan Jose"]
[Result "1/2-1/2"]
[WhiteElo "1373"]
[BlackElo "1775"]
[PlyCount "124"]
[EventDate "2024.02.01"]
[EventType "swiss"]
[EventRounds "9"]
[EventCountry "ESP"]
[SourceTitle "Ajedrez en Madrid"]
[Source "lmi"]
[SourceDate "2024.02.01"]
[SourceVersion "1"]
[SourceVersionDate "2024.02.25"]
[SourceQuality "1"]

1. d4 f5 2. Nc3 Nf6 3. Bg5 d5 4. Nf3 e6 5. e3 Be7 6. Be2 O-O 7. O-O c5 8. dxc5
Ne4 9. Bxe7 Qxe7 10. Nxe4 fxe4 11. Ne5 Qxc5 12. c4 Nc6 13. Nxc6 bxc6 14. Rc1
Qb6 15. Qd4 Rb8 16. Qxb6 Rxb6 17. Rc2 a5 18. b3 a4 19. Rb1 axb3 20. axb3 Bd7
21. b4 Rfb8 22. Rcb2 Kf8 23. Kf1 Ke7 24. c5 R6b7 25. Ke1 e5 26. Kd2 d4 27. f3
Bf5 28. fxe4 Bxe4 29. Bd3 Bxg2 30. Bxh7 Rh8 31. Kd3 dxe3 32. Kxe3 Bd5 33. Bg6
Rh3+ 34. Kd2 Rxh2+ 35. Ke3 Rh3+ 36. Kd2 Rh2+ 37. Ke3 Rxb2 38. Rxb2 Ra7 39. Bd3
Ra3 40. Kd2 Rb3 41. Rxb3 Bxb3 42. Ke3 Ke6 43. Ke4 Bd5+ 44. Ke3 g5 45. Bh7 Bb3
46. Be4 Ba4 47. Kf3 Bd1+ 48. Kg3 Kd7 49. Kf2 Kc7 50. Ke1 Bb3 51. Kf2 Bd5 52.
Bd3 e4 53. Be2 Kd7 54. Ke3 Ke6 55. Kd4 Ba2 56. Kxe4 Bb1+ 57. Kf3 Kf5 58. Kg3
Be4 59. b5 cxb5 60. Bxb5 Ke5 61. Kg4 Kf6 62. c6 Bf5+ 1/2-1/2

[Event "Madrid 2023-2024ch - Previa B"]
[Site "Madrid ESP"]
[Date "2024.02.03"]
[Round "3.8"]
[White "Alvear Zapata, Juan Pablo"]
[Black "Mazo Fernandez, Roberto"]
[Result "0-1"]
[WhiteElo "1525"]
[BlackElo "1947"]
[PlyCount "72"]
[EventDate "2024.02.01"]
[EventType "swiss"]
[EventRounds "9"]
[EventCountry "ESP"]
[SourceTitle "Ajedrez en Madrid"]
[Source "lmi"]
[SourceDate "2024.02.01"]
[SourceVersion "1"]
[SourceVersionDate "2024.02.25"]
[SourceQuality "1"]

1. e4 c5 2. d4 cxd4 3. Nf3 Nc6 4. Nxd4 Nf6 5. Nxc6 bxc6 6. e5 Qa5+ 7. Nc3 Qxe5+
8. Be3 e6 9. Qd4 Qxd4 10. Bxd4 d5 11. Na4 Bb4+ 12. c3 Bd6 13. Bc5 Ne4 14. Bxd6
Nxd6 15. Nc5 O-O 16. Bd3 e5 17. f3 f5 18. O-O-O a5 19. a4 Ra7 20. Bc2 Re7 21.
b3 Nb7 22. Nd3 e4 23. Rhe1 Ree8 24. Nf4 g5 25. Nh5 Be6 26. h3 Nd6 27. f4 g4 28.
h4 Kf7 29. Re3 Rd8 30. Ng3 c5 31. Ne2 Nc8 32. Kb2 Na7 33. Ka3 Nc6 34. g3 d4 35.
cxd4 cxd4 36. Nxd4 Nxd4 0-1

[Event "Madrid 2023-2024ch - Previa B"]
[Site "Madrid ESP"]
[Date "2024.02.03"]
[Round "3.9"]
[White "Blanco Barrios, Aitana"]
[Black "Gutierrez Diaz, Pablo"]
[Result "0-1"]
[WhiteElo "1519"]
[BlackElo "1928"]
[PlyCount "80"]
[EventDate "2024.02.01"]
[EventType "swiss"]
[EventRounds "9"]
[EventCountry "ESP"]
[SourceTitle "Ajedrez en Madrid"]
[Source "lmi"]
[SourceDate "2024.02.01"]
[SourceVersion "1"]
[SourceVersionDate "2024.02.25"]
[SourceQuality "1"]

1. e4 c5 2. Nf3 Nc6 3. d4 cxd4 4. Nxd4 g6 5. c4 Bg7 6. Be3 Nf6 7. Nc3 Ng4 8.
Qxg4 Nxd4 9. Qd1 Ne6 10. Be2 Bxc3+ 11. bxc3 O-O 12. O-O Qa5 13. Qd2 b6 14. Bh6
Rd8 15. f4 Nc5 16. Qd4 Ne6 17. Qd2 Bb7 18. f5 Ng7 19. Qd4 f6 20. Qd3 Qe5 21.
Rf4 Rac8 22. Raf1 b5 23. Qf3 Nxf5 24. Qh3 Bxe4 25. g4 Nxh6 26. Qxh6 g5 27. R4f2
bxc4 28. Bf3 Bxf3 29. Rxf3 Rb8 30. Rh3 Qe4 31. Rg3 Rb1 32. Qh3 Rdb8 33. Re3
Rxf1+ 34. Kxf1 Rb1+ 35. Kf2 Rb2+ 36. Kg1 Qb1+ 37. Qf1 Qxf1+ 38. Kxf1 e5 39. a4
Ra2 40. Rf3 Kf7 0-1

[Event "Madrid 2023-2024ch - Previa B"]
[Site "Madrid ESP"]
[Date "2024.02.03"]
[Round "3.10"]
[White "Mansor Habash, Zouheir"]
[Black "Liern Matesanz, Jairo"]
[Result "1-0"]
[WhiteElo "1731"]
[BlackElo "1521"]
[PlyCount "58"]
[EventDate "2024.02.01"]
[EventType "swiss"]
[EventRounds "9"]
[EventCountry "ESP"]
[SourceTitle "Ajedrez en Madrid"]
[Source "lmi"]
[SourceDate "2024.02.01"]
[SourceVersion "1"]
[SourceVersionDate "2024.02.25"]
[SourceQuality "1"]

1. e4 c5 2. Nf3 d6 3. Bc4 Nf6 4. Nc3 e6 5. d4 cxd4 6. Qxd4 Nc6 7. Qd3 a6 8. Bf4
b5 9. Bb3 Bb7 10. O-O-O b4 11. Nd5 exd5 12. exd5 Ne5 13. Ba4+ Nfd7 14. Bxe5
dxe5 15. Nxe5 Qg5+ 16. Kb1 Bc8 17. Rhe1 Be7 18. d6 O-O 19. dxe7 Re8 20. Bxd7
Bxd7 21. Qxd7 Rxe7 22. Qd8+ Re8 23. Qxg5 f6 24. Qg3 fxe5 25. Rxe5 Red8 26. Qb3+
Kh8 27. Rxd8+ Rxd8 28. Qd5 Rf8 29. Qf7 Rxf7 1-0

[Event "Madrid 2023-2024ch - Previa B"]
[Site "Madrid ESP"]
[Date "2024.02.03"]
[Round "3.11"]
[White "Lorenzo Martin, Hector"]
[Black "Godoy Herrera, Carlos"]
[Result "0-1"]
[WhiteElo "1498"]
[BlackElo "1701"]
[PlyCount "114"]
[EventDate "2024.02.01"]
[EventType "swiss"]
[EventRounds "9"]
[EventCountry "ESP"]
[SourceTitle "Ajedrez en Madrid"]
[Source "lmi"]
[SourceDate "2024.02.01"]
[SourceVersion "1"]
[SourceVersionDate "2024.02.25"]
[SourceQuality "1"]

1. b3 e5 2. Bb2 Nc6 3. e3 g6 4. f4 d6 5. Nf3 f6 6. fxe5 dxe5 7. Nc3 Bf5 8. Bb5
Qd6 9. e4 Bg4 10. Bxc6+ Qxc6 11. Nxe5 Bxd1 12. Nxc6 Bxc2 13. Nd4 Bd3 14. Ne6
Kd7 15. Nd5 c6 16. Nxf8+ Rxf8 17. Nc3 Nh6 18. h3 Re8 19. O-O-O Re6 20. Rde1
Rhe8 21. Re3 Bxe4 22. Nxe4 Rxe4 23. Rxe4 Rxe4 24. Bxf6 Nf5 25. g4 Ng3 26. Rh2
Ke6 27. Bh4 Ne2+ 28. Kc2 Kd5 29. d3 Nd4+ 30. Kc3 Re2 31. Rxe2 Nxe2+ 32. Kd2 Nf4
33. Bf6 Nxh3 34. Ke3 g5 35. Kf3 Nf4 36. Ke3 Ne6 37. Be7 Ke5 38. Bb4 c5 39. Bc3+
Nd4 40. Bd2 b5 41. Ba5 Nc2+ 42. Kd2 Nb4 43. a3 Nd5 44. b4 cxb4 45. axb4 Kf4 46.
Bd8 Kxg4 47. d4 Kf4 48. Kd3 Nxb4+ 49. Ke2 Nd5 50. Kf2 h5 51. Kg2 b4 52. Ba5 b3
53. Bd2+ Ke4 54. Bc1 Kxd4 55. Bxg5 b2 56. Bh6 b1=Q 57. Bg7+ Ke4 0-1

[Event "Madrid 2023-2024ch - Previa B"]
[Site "Madrid ESP"]
[Date "2024.02.03"]
[Round "3.12"]
[White "Pareja Cerrato, Antonio"]
[Black "Hurtado Garrido, Reyes"]
[Result "0-1"]
[WhiteElo "1464"]
[BlackElo "1697"]
[PlyCount "76"]
[EventDate "2024.02.01"]
[EventType "swiss"]
[EventRounds "9"]
[EventCountry "ESP"]
[SourceTitle "Ajedrez en Madrid"]
[Source "lmi"]
[SourceDate "2024.02.01"]
[SourceVersion "1"]
[SourceVersionDate "2024.02.25"]
[SourceQuality "1"]

1. e4 c5 2. Nf3 g6 3. d4 cxd4 4. Nxd4 Bg7 5. c3 Nc6 6. Be3 d6 7. Bb5 Bd7 8. Qa4
Qc7 9. Qb3 Nf6 10. Nd2 O-O 11. O-O a6 12. Bd3 Ne5 13. Be2 b5 14. h3 Rfc8 15.
Rac1 Nc4 16. Nxc4 bxc4 17. Qc2 e5 18. Nf3 d5 19. exd5 Nxd5 20. Qd2 Nxe3 21.
Qxe3 Rab8 22. Rc2 Bf5 23. Rd2 h5 24. Nh4 Be6 25. Qg3 Qe7 26. f4 exf4 27. Qf2
Qc5 28. Qxc5 Rxc5 29. Rfd1 Bf6 30. Nf3 Rcb5 31. Nd4 Rxb2 32. Nxe6 Rxd2 33. Rxd2
fxe6 34. Bxc4 Rb6 35. Re2 Kf7 36. Rc2 Rc6 37. Bd3 Bxc3 38. Rxc3 Rxc3 0-1

[Event "Madrid 2023-2024ch - Previa B"]
[Site "Madrid ESP"]
[Date "2024.02.03"]
[Round "3.13"]
[White "San Vicente Crespo, Pablo"]
[Black "Ortega Sanchez Montanez, Marcos"]
[Result "1-0"]
[WhiteElo "1676"]
[BlackElo "1511"]
[PlyCount "67"]
[EventDate "2024.02.01"]
[EventType "swiss"]
[EventRounds "9"]
[EventCountry "ESP"]
[SourceTitle "Ajedrez en Madrid"]
[Source "lmi"]
[SourceDate "2024.02.01"]
[SourceVersion "1"]
[SourceVersionDate "2024.02.25"]
[SourceQuality "1"]

1. e4 c6 2. d4 d5 3. exd5 cxd5 4. Bd3 Nf6 5. c3 Bg4 6. Qb3 Qd7 7. Bf4 Nc6 8.
Nd2 e6 9. Ngf3 Bxf3 10. Nxf3 Bd6 11. Bxd6 Qxd6 12. O-O O-O 13. Rae1 Nd7 14. Qc2
h6 15. Qe2 a5 16. Ne5 Ncxe5 17. dxe5 Qc5 18. Bb1 Rfc8 19. Qd3 Nf8 20. Re3 Qc4
21. Qd1 Qf4 22. Rfe1 g6 23. Rf3 Qg5 24. Rg3 Qe7 25. Qh5 Kg7 26. Ree3 d4 27. Re4
Nd7 28. Rh4 Rh8 29. Bxg6 Kf8 30. Bxf7 dxc3 31. bxc3 Qa3 32. h3 Ke7 33. Rd4 Raf8
34. Qh4+ 1-0

[Event "Madrid 2023-2024ch - Previa B"]
[Site "Madrid ESP"]
[Date "2024.02.03"]
[Round "3.15"]
[White "Huang, Liangzhi"]
[Black "Mosteiro Montoro, Alvaro"]
[Result "0-1"]
[WhiteElo "1569"]
[BlackElo "1483"]
[PlyCount "52"]
[EventDate "2024.02.01"]
[EventType "swiss"]
[EventRounds "9"]
[EventCountry "ESP"]
[SourceTitle "Ajedrez en Madrid"]
[Source "lmi"]
[SourceDate "2024.02.01"]
[SourceVersion "1"]
[SourceVersionDate "2024.02.25"]
[SourceQuality "1"]

1. e4 c5 2. Nf3 Nc6 3. Be2 d6 4. c3 g6 5. d4 cxd4 6. cxd4 Bg7 7. Nc3 e6 8. Qa4
Bd7 9. Nb5 Qb8 10. e5 dxe5 11. dxe5 Nxe5 12. Bf4 a6 13. Qe4 axb5 14. Nxe5 Ra4
15. Qe3 Bc6 16. O-O Re4 17. Nxc6 Qxf4 18. Qa3 bxc6 19. Qa8+ Ke7 20. Rad1 Qc7
21. Bxb5 Nf6 22. Qa3+ c5 23. Rc1 Re5 24. b4 Bh6 25. bxc5 Bxc1 26. Rxc1 Kf8 0-1

[Event "Madrid 2023-2024ch - Previa B"]
[Site "Madrid ESP"]
[Date "2024.02.03"]
[Round "3.16"]
[White "De Dompablo Fantova, Juan"]
[Black "Huang, Liangpeng"]
[Result "1-0"]
[WhiteElo "1564"]
[BlackElo "1455"]
[PlyCount "57"]
[EventDate "2024.02.01"]
[EventType "swiss"]
[EventRounds "9"]
[EventCountry "ESP"]
[SourceTitle "Ajedrez en Madrid"]
[Source "lmi"]
[SourceDate "2024.02.01"]
[SourceVersion "1"]
[SourceVersionDate "2024.02.25"]
[SourceQuality "1"]

1. e4 c5 2. Nc3 e6 3. f4 Nc6 4. Nf3 g6 5. Bb5 Nge7 6. d3 Bg7 7. O-O O-O 8. Qe1
Nb4 9. Ba4 b5 10. a3 Nxd3 11. cxd3 bxa4 12. Nxa4 Qc7 13. Qh4 d6 14. Nc3 Nc6 15.
f5 exf5 16. Bh6 Qd8 17. Ng5 Bf6 18. Nd5 Re8 19. Nxf6+ Qxf6 20. Kh1 Ne5 21. Rad1
Ng4 22. Qxg4 fxe4 23. Rxf6 Bxg4 24. Rdf1 Re7 25. dxe4 Rae8 26. Rxf7 Rxf7 27.
Rxf7 d5 28. Rg7+ Kf8 29. Nxh7# 1-0

[Event "Madrid 2023-2024ch - Previa B"]
[Site "Madrid ESP"]
[Date "2024.02.03"]
[Round "3.17"]
[White "De Fuenmayor Fernandez de la , Carlos Pablo"]
[Black "Bonte Blazquez, Antonio"]
[Result "1-0"]
[WhiteElo "1532"]
[BlackElo "1237"]
[PlyCount "43"]
[EventDate "2024.02.01"]
[EventType "swiss"]
[EventRounds "9"]
[EventCountry "ESP"]
[SourceTitle "Ajedrez en Madrid"]
[Source "lmi"]
[SourceDate "2024.02.01"]
[SourceVersion "1"]
[SourceVersionDate "2024.02.25"]
[SourceQuality "1"]

1. c4 e5 2. Nc3 Nc6 3. g3 Bc5 4. Bg2 d6 5. Na4 Bb6 6. Nxb6 axb6 7. b3 f5 8. Bb2
Nf6 9. e3 e4 10. Ne2 Nb4 11. Nc1 d5 12. a3 Na6 13. cxd5 Qxd5 14. O-O Nc5 15. d4
Be6 16. dxc5 Qxc5 17. b4 Qb5 18. Nb3 Rd8 19. Nd4 Qc4 20. Rc1 Qa2 21. Qc2 Bd5
22. Nxf5 1-0

[Event "Madrid 2023-2024ch - Previa B"]
[Site "Madrid ESP"]
[Date "2024.02.03"]
[Round "3.21"]
[White "Senador-Gomez Jaen, Julio"]
[Black "Anton Ortiz, Carlos"]
[Result "1-0"]
[WhiteElo "1408"]
[BlackElo "1615"]
[PlyCount "81"]
[EventDate "2024.02.01"]
[EventType "swiss"]
[EventRounds "9"]
[EventCountry "ESP"]
[SourceTitle "Ajedrez en Madrid"]
[Source "lmi"]
[SourceDate "2024.02.01"]
[SourceVersion "1"]
[SourceVersionDate "2024.02.25"]
[SourceQuality "1"]

1. d4 e6 2. Nf3 Nf6 3. e3 c5 4. Bd3 b6 5. Nbd2 Bb7 6. O-O Be7 7. c3 O-O 8. e4
d5 9. e5 Ne4 10. Re1 Nxd2 11. Bxd2 Na6 12. Rc1 Kh8 13. Re3 g6 14. Ne1 cxd4 15.
cxd4 Nb4 16. Bxb4 Bxb4 17. Rh3 Qd7 18. Nc2 Be7 19. Qg4 Kg7 20. Re1 Qd8 21. Ree3
f5 22. exf6+ Rxf6 23. Ref3 Qg8 24. Rxf6 Bxf6 25. Qf4 Qf7 26. Qh6+ Kg8 27. Rf3
Qg7 28. Qf4 Rf8 29. Qd6 Qe7 30. Qg3 Rc8 31. Qf4 e5 32. dxe5 Bxe5 33. Re3 Re8
34. Qa4 Rf8 35. f4 Qf6 36. Rxe5 Bc6 37. Qd4 Qh4 38. g3 Qg4 39. Re7 Qd1+ 40. Bf1
Qxd4+ 41. Nxd4 1-0

[Event "Madrid 2023-2024ch - Previa B"]
[Site "Madrid ESP"]
[Date "2024.02.03"]
[Round "3.22"]
[White "Manas Carrete, Miguel Angel"]
[Black "Neill Rodriguez, John"]
[Result "1-0"]
[WhiteElo "1500"]
[BlackElo "1180"]
[PlyCount "57"]
[EventDate "2024.02.01"]
[EventType "swiss"]
[EventRounds "9"]
[EventCountry "ESP"]
[SourceTitle "Ajedrez en Madrid"]
[Source "lmi"]
[SourceDate "2024.02.01"]
[SourceVersion "1"]
[SourceVersionDate "2024.02.25"]
[SourceQuality "1"]

1. d4 Nf6 2. c4 e6 3. Nf3 b6 4. Nc3 Bb7 5. Bg5 Be7 6. e3 O-O 7. Bd3 h6 8. Bh4
c5 9. a3 d6 10. h3 Nh5 11. Bxe7 Qxe7 12. d5 Nf6 13. Bc2 Na6 14. Qd3 g6 15.
O-O-O Rad8 16. g4 Kg7 17. g5 hxg5 18. Nxg5 Nh7 19. Nxh7 Kxh7 20. h4 f5 21. f4
Rh8 22. h5 Rdg8 23. Rdg1 g5 24. e4 gxf4 25. exf5 Rxg1+ 26. Rxg1 Kh6 27. Rg6+
Kxh5 28. Qh3+ Qh4 29. Bd1+ 1-0

[Event "Madrid 2023-2024ch - Previa B"]
[Site "Madrid ESP"]
[Date "2024.02.03"]
[Round "3.24"]
[White "Perez Pascual, Arturo"]
[Black "Garcia Martin, Marco"]
[Result "0-1"]
[WhiteElo "1523"]
[BlackElo "1203"]
[PlyCount "64"]
[EventDate "2024.02.01"]
[EventType "swiss"]
[EventRounds "9"]
[EventCountry "ESP"]
[SourceTitle "Ajedrez en Madrid"]
[Source "lmi"]
[SourceDate "2024.02.01"]
[SourceVersion "1"]
[SourceVersionDate "2024.02.25"]
[SourceQuality "1"]

1. e4 e5 2. Nf3 Nc6 3. Bb5 Nf6 4. d4 exd4 5. O-O Bc5 6. e5 Ng4 7. h3 Nh6 8. Bg5
Be7 9. Bxe7 Qxe7 10. Re1 O-O 11. Nxd4 Nxd4 12. Qxd4 Nf5 13. Qe4 d6 14. g4 Nh4
15. Nc3 dxe5 16. Bd3 f5 17. Qd5+ Kh8 18. Kf1 fxg4 19. hxg4 Bxg4 20. Qe4 Bh3+
21. Ke2 Bf5 22. Qh1 Bg4+ 23. Kf1 Qf6 24. Ne4 Qf4 25. Re3 Bf3 26. Rxf3 Nxf3 27.
Rd1 Rad8 28. Ng3 e4 29. Nxe4 Qxe4 30. Qh3 Ng5 31. Qh5 Qf4 32. Qe2 Rde8 0-1

[Event "Madrid 2023-2024ch - Previa B"]
[Site "Madrid ESP"]
[Date "2024.02.03"]
[Round "3.25"]
[White "Quiros Florea, Rafael-Santiago"]
[Black "Menendez Domens, Juan Manuel"]
[Result "1-0"]
[WhiteElo "1266"]
[BlackElo "1443"]
[PlyCount "77"]
[EventDate "2024.02.01"]
[EventType "swiss"]
[EventRounds "9"]
[EventCountry "ESP"]
[SourceTitle "Ajedrez en Madrid"]
[Source "lmi"]
[SourceDate "2024.02.01"]
[SourceVersion "1"]
[SourceVersionDate "2024.02.25"]
[SourceQuality "1"]

1. d4 f5 2. g3 Nf6 3. Bg2 e6 4. c4 Bb4+ 5. Bd2 Qe7 6. Nf3 Ne4 7. Qb3 Nc6 8. e3
O-O 9. d5 Bxd2+ 10. Nbxd2 Nc5 11. Qc3 Nb4 12. Ke2 Ne4 13. Nxe4 fxe4 14. Nd2
exd5 15. cxd5 Nxd5 16. Qb3 Qf7 17. Nxe4 c6 18. f4 b6 19. Ng5 Ba6+ 20. Kf2 Qh5
21. Bf3 Qg6 22. e4 h6 23. Nh3 c5 24. Qxd5+ Kh8 25. f5 Qf6 26. Rab1 d6 27. Nf4
Kh7 28. h4 Rab8 29. g4 Bb7 30. Qe6 Qd4+ 31. Kg3 Rf6 32. Qe7 Bc8 33. Nh5 Qe5+
34. Qxe5 dxe5 35. Nxf6+ gxf6 36. g5 hxg5 37. hxg5+ Kg7 38. g6 Ba6 39. Rh7+ 1-0

[Event "Madrid 2023-2024ch - Previa B"]
[Site "Madrid ESP"]
[Date "2024.02.03"]
[Round "3.27"]
[White "Duran Rodriguez, Adriana"]
[Black "Moreno Lopez, Maria Isabel"]
[Result "1-0"]
[WhiteElo "1230"]
[BlackElo "1387"]
[PlyCount "139"]
[EventDate "2024.02.01"]
[EventType "swiss"]
[EventRounds "9"]
[EventCountry "ESP"]
[SourceTitle "Ajedrez en Madrid"]
[Source "lmi"]
[SourceDate "2024.02.01"]
[SourceVersion "1"]
[SourceVersionDate "2024.02.25"]
[SourceQuality "1"]

1. e4 e5 2. Nf3 Nc6 3. Bc4 Nf6 4. d3 d6 5. O-O Bg4 6. h3 Bh5 7. Be3 Nd4 8. Bxd4
exd4 9. Nbd2 Be7 10. c3 dxc3 11. bxc3 O-O 12. Qb3 b6 13. e5 Nd7 14. d4 dxe5 15.
dxe5 Nc5 16. Qc2 Kh8 17. Nd4 Qd7 18. f4 f5 19. e6 Qe8 20. Nxf5 Bg6 21. g4 h5
22. Nb3 Qc6 23. Nxe7 Bxc2 24. Nxc6 hxg4 25. hxg4 Bd3 26. Bxd3 Nxd3 27. f5 g5
28. f6 Nf4 29. Rae1 Rxf6 30. e7 Re8 31. Nbd4 Kg7 32. Nf5+ Kg8 33. Nxa7 Kf7 34.
Nb5 Rc6 35. Nfd4 Rc5 36. Ne6 Rxe7 37. Nxc5 bxc5 38. Rxe7+ Kxe7 39. Nxc7 Kd6 40.
Nb5+ Kd5 41. a4 c4 42. Rb1 Kc6 43. Rb4 Kc5 44. a5 Nd5 45. Rb2 Kc6 46. Kf2 Kb7
47. Nd6+ Ka6 48. Nxc4 Nxc3 49. Rb6+ Ka7 50. Nd6 Na4 51. Rb4 Nc5 52. Rb5 Na4 53.
Rxg5 Kb8 54. Rf5 Kc7 55. Ne4 Kd7 56. a6 Nb6 57. a7 Ke7 58. g5 Ke6 59. Rf8 Ke5
60. a8=Q Nxa8 61. Rxa8 Ke6 62. Rf8 Ke7 63. Rf3 Ke6 64. g6 Ke5 65. g7 Kd4 66.
Nc5 Kc4 67. g8=Q+ Kb4 68. Qb3+ Ka5 69. Nd7 Ka6 70. Qb6# 1-0

[Event "Madrid 2023-2024ch - Previa B"]
[Site "Madrid ESP"]
[Date "2024.02.09"]
[Round "4.1"]
[White "Zhao, Yuyang"]
[Black "Alonso Anton, Carlos"]
[Result "1-0"]
[WhiteElo "1703"]
[BlackElo "1776"]
[PlyCount "151"]
[EventDate "2024.02.01"]
[EventType "swiss"]
[EventRounds "9"]
[EventCountry "ESP"]
[SourceTitle "Ajedrez en Madrid"]
[Source "lmi"]
[SourceDate "2024.02.01"]
[SourceVersion "1"]
[SourceVersionDate "2024.02.25"]
[SourceQuality "1"]

1. d4 d5 2. Nf3 Nf6 3. e3 Bf5 4. b3 e6 5. Bb2 Bb4+ 6. c3 Bd6 7. Bd3 Bxd3 8.
Qxd3 c6 9. Nbd2 Nbd7 10. c4 O-O 11. O-O Rc8 12. c5 Bb8 13. b4 a6 14. Ne5 Nxe5
15. dxe5 Nd7 16. f4 f6 17. exf6 Nxf6 18. Nf3 Ne4 19. Ne5 Bxe5 20. Bxe5 Qe7 21.
a3 h6 22. Rf3 Kh7 23. Bd6 Qf6 24. Raf1 Rf7 25. Kh1 Qg6 26. Qd4 Nxd6 27. cxd6
Qf6 28. Qc5 Rd8 29. a4 Rfd7 30. f5 e5 31. Rg3 Qxd6 32. Rg6 Qxc5 33. bxc5 Rf7
34. Re6 e4 35. g4 Rdf8 36. Kg2 Rf6 37. Rxf6 Rxf6 38. Kg3 Kg8 39. Kf4 Kf7 40.
Rb1 Kg8 41. Rxb7 Rf8 42. Rb6 Rc8 43. Rxa6 Kf7 44. Ra7+ Kf6 45. h4 g5+ 46. fxg6
Kxg6 47. a5 Kf6 48. Rb7 Ra8 49. Rb6 Rxa5 50. Rxc6+ Ke7 51. Ke5 Ra3 52. Kxd5
Rxe3 53. Re6+ Kd7 54. Rxe4 Rh3 55. g5 hxg5 56. hxg5 Rg3 57. c6+ Kc7 58. Re7+
Kd8 59. Rg7 Rd3+ 60. Ke6 Rc3 61. c7+ Kc8 62. Kf6 Rc6+ 63. Kf5 Rc5+ 64. Kg6 Rc1
65. Kh7 Rh1+ 66. Kg8 Rg1 67. Kh7 Rh1+ 68. Kg6 Rc1 69. Re7 Rg1 70. Kh6 Rh1+ 71.
Kg7 Rg1 72. g6 Rg2 73. Kh7 Rh2+ 74. Kg8 Rg2 75. g7 Rg3 76. Kf8 1-0

[Event "Madrid 2023-2024ch - Previa B"]
[Site "Madrid ESP"]
[Date "2024.02.09"]
[Round "4.2"]
[White "Cardena Contreras, Javier"]
[Black "Condezo Abderrahim, Ibrahim"]
[Result "1-0"]
[WhiteElo "1882"]
[BlackElo "1818"]
[PlyCount "73"]
[EventDate "2024.02.01"]
[EventType "swiss"]
[EventRounds "9"]
[EventCountry "ESP"]
[SourceTitle "Ajedrez en Madrid"]
[Source "lmi"]
[SourceDate "2024.02.01"]
[SourceVersion "1"]
[SourceVersionDate "2024.02.25"]
[SourceQuality "1"]

1. e4 c5 2. Nc3 Nc6 3. f4 g6 4. Nf3 Bg7 5. a4 e6 6. e5 d5 7. d4 cxd4 8. Nb5 Bf8
9. Nbxd4 Nxd4 10. Nxd4 a6 11. Be2 Bd7 12. O-O Bg7 13. Be3 b6 14. Qe1 Ne7 15. a5
b5 16. Nb3 O-O 17. Kh1 Re8 18. c3 f6 19. Bb6 Qb8 20. Nc5 Bc8 21. exf6 Bxf6 22.
Bg4 Nf5 23. Bxf5 gxf5 24. Rd1 Qd6 25. Nd3 Bb7 26. Bd4 Qe7 27. Nc5 Bc6 28. b4
Kh8 29. Qf2 Qg7 30. Rde1 e5 31. fxe5 Bxe5 32. Rxe5 Rxe5 33. Nd3 Kg8 34. Bxe5
Qg6 35. Bd4 Rf8 36. Ne5 Qe6 37. Qg3+ 1-0